MDQL
is popping MORE tags! Check the
thread
!
Quizzes
Events
Quiz Creation
Community
Videos
Private Events
Remove Ads
Sign In
Join for FREE
Feedback
Dark Mode
Quiz Categories
Sports
Geography
Music
Movies
Television
Just For Fun
Miscellaneous
History
Literature
Language
Science
Gaming
Entertainment
Religion
Holiday
For Kids
Quiz Lab
Recent
Popular Today
Quiz Kudos Today
Editor Picks
Curator Picks
Quizzes by...
Day
Popularity
Type
Ratings
Length
Year
Community
Subscriptions
Recent Discussions
Orange Saloon
Badges
Playlists
Quests
Create
Leaderboards
Showdown
Live 5
Trivia Bingo
Activity
Puzzle Library
Sporcle Events
Private Events
Virtual Trivia
Globe League
Become a Host
Pub Owners
SporcleCon
Opinionation
Our Games
Videos
Blog
Mobile Apps
Partnerships
Remove Ads and Go Orange
Feedback
Sports
Athletes
MLB
NBA
NHL
NFL
Soccer
Sports Teams
WWE
NCAA
Football
Premier League
Basketball
Baseball
Hockey
Golf
Tennis
Cricket
Rugby
Auto Racing
Olympics
World Cup
Sports
Athletes
MLB
NBA
NHL
NFL
Soccer
Sports Teams
WWE
NCAA
Football
Premier League
Basketball
Baseball
Hockey
Golf
Tennis
Cricket
Rugby
Auto Racing
Olympics
World Cup
Random Quiz
Search Sporcle
×
Quiz Lab
Quiz Lab
Sports
Baseball
Type in answers that appear in a list
Type in answers that appear in a list
Classic
Best Score? Go Orange.
MLB and Triple A 2013 Stats
Can you name the MLB and Triple A teams in the 2013 season?
By
patandpatty
10m
120 Questions
52 Plays
52 Plays
52 Plays
Comments
Comments
Give Quiz Kudos
Give Quiz Kudos
-
- Ratings
hide this ad
Replay
Link that replays current quiz
Next Quiz
Link to next quiz in quiz playlist
You Got
0%
They Got
Avg Score
79%
Avg Friend Score
Upgrade to see
Score Distribution
Jump to the score distribution portion of the page
Score
0/120
Timer
10:00
0
Plays Today
% Correct
Reds
96.2%
Pirates
96.2%
Rangers
96.2%
Braves
94.2%
Cubs
94.2%
White Sox
94.2%
Astros
94.2%
Angels
94.2%
Dodgers
94.2%
Marlins
94.2%
Mets
94.2%
Yankees
94.2%
Rays
94.2%
Braves
94.2%
Cubs
94.2%
Red Sox
92.3%
Indians
92.3%
Padres
92.3%
Red Sox
92.3%
Indians
92.3%
Padres
92.3%
Orioles
90.4%
Tigers
90.4%
Royals
90.4%
Athletics
90.4%
Phillies
90.4%
Mariners
90.4%
Cardinals
90.4%
Atlanta
88.5%
Baltimore
88.5%
Chicago
88.5%
Chicago
88.5%
Cincinnati
88.5%
Cleveland
88.5%
Houston
88.5%
Kansas City
88.5%
Los Angeles
88.5%
Los Angeles
88.5%
Miami
88.5%
New York
88.5%
% Correct
New York
88.5%
Pittsburgh
88.5%
Tampa Bay
88.5%
Texas
88.5%
Diamondbacks
88.5%
Rockies
88.5%
Boston
86.5%
Colorado
86.5%
Detroit
86.5%
Milwaukee
86.5%
Minnesota
86.5%
Philadelphia
86.5%
San Diego
86.5%
San Francisco
86.5%
St. Louis
86.5%
Brewers
86.5%
Twins
86.5%
Giants
86.5%
Nationals
86.5%
Scranton Wilkes-Barre
86.5%
Arizona
84.6%
Oakland
84.6%
Seattle
84.6%
Toronto
84.6%
Blue Jays
84.6%
Washington
82.7%
New Orleans
82.7%
Indianapolis
82.7%
Memphis
82.7%
Pawtucket
80.8%
Las Vegas
80.8%
Nashville
78.8%
Louisville
76.9%
Columbus
76.9%
Oklahoma City
76.9%
Iowa
75%
Colorado Springs
75%
Albuquerque
75%
Rochester
75%
Sacramento
75%
% Correct
Tacoma
75%
Norfolk
73.1%
Charlotte
73.1%
Omaha
73.1%
Bats
73.1%
Mud Hens
73.1%
Toledo
71.2%
Salt Lake
71.2%
Tucson
71.2%
Syracuse
71.2%
Zephyrs
71.2%
Tides
69.2%
51s
69.2%
Redbirds
69.2%
Gwinnett
67.3%
Fresno
67.3%
Round Rock
67.3%
Isotopes
67.3%
Reno
63.5%
Lehigh Valley
63.5%
Buffalo
63.5%
Bees
63.5%
IronPigs
63.5%
Durham
61.5%
Bulls
61.5%
Bisons
61.5%
Aces
59.6%
Clippers
59.6%
Rainiers
59.6%
Express
57.7%
Sky Sox
55.8%
Knights
53.8%
Sounds
53.8%
Red Wings
53.8%
Chiefs
53.8%
Storm Chasers
50%
RedHawks
48.1%
River Cats
46.2%
Grizzlies
46.2%
RailRiders
32.7%
Quiz Playlist
Details
Report
Send in Message
Add To Playlist
Classic:
Type in answers that appear in a list
Last Updated: Feb 16, 2017
Quiz Scoreboard
CHALLENGE
Sign Up to Join the Scoreboard
Show All
Scores
Hide
Comments
May contain spoilers
Recently Published
Image Sorting: Flags VI
by Barbecue
Geography
2m
Find the 'City' Movie
by crazypaving
Movies
60s
Colored Red Africa Blitz
by spor1
Geography
45s
More to Explore
Quiz From the Vault
Featured Blog Post
14 Easter Pick-up Lines to Find Eggs With
hide this ad
You Might Also Like...
Tags
Baseball Quiz
MLB Quiz
2013
season
team
triple
Today's Top Quizzes in Sports
Browse Sports
hide this ad
Today's Top Quizzes in Baseball
Browse Baseball
Top Contributed Quizzes in Sports
1
Les meilleurs buteurs des matchs entre le PSG et l’OM
2
Les entraîneurs de l'OM et du PSG au 21e siècle
3
Les joueurs passés par le PSG et l'OM
4
2022 World Cup Stars
5
Players with Multiple 50 Home Run Seasons
6
Criteria MLB: Left Handed Sluggers
7
Les joueurs passés par le LOSC et le RC Lens
8
NBA Logic Puzzle 2.0
9
MLB Players with Two .350 Batting Average Seasons
10
FIFA Club World Cup Champions
Explore More
Trending Topics
Harry Potter
Anime
Crossword
Disney
NBA
Kpop
Marvel
Song
Soccer
NFL
Country
Pokémon
WWE
Puzzle
The Office
hide this ad
More By:
patandpatty
Quiz
Plays
Rating
Category
Featured
Created
World Countries and Capitals Part 1
201
1.00
Geography
Feb 17, 2013
Europe recognized by the UN
169
4.00
Geography
Apr 6, 2013
NHL and AHL teams
135
2.00
Sports
May 8, 2012
NHL and AHL 2013-14
128
3.00
Sports
Apr 3, 2013
AAC 2013-14
104
Sports
Apr 2, 2013
Go to Creator's Profile
Score Distribution
Quiz Creator Spotlight
patandpatty
Follow
Send a Message
Quizzes Created
-
Created Quiz Play Count
-
More By This Creator
Popular Quizzes Today
1
Colored Red Africa Blitz
2
Find the US States - No Outlines Minefield
3
Find the 'City' Movie
4
5x2 Blitz: Bands
5
The Countries of the World
6
Find the US States
7
Find the Countries of Europe - No Outlines Minefield
8
US States
More Sports Quizzes
'W' Premier League on a Map
Quiz Lab
Trending Quizzes
Colored Red Europe Blitz I
Colored Red Europe Blitz II
Colored Red Africa Blitz II
Colored Red Europe Blitz III
Colored Red Africa Blitz III
Recently Updated
How Do You Spell That?
pecheneg
Godzilla Movies
pecheneg
Grab Bag: 4-10 Letters
pecheneg
2024 March Madness Bracket
pecheneg
Famous TV Couples
Peacemaker
Champions League XIs: Real Madrid
pecheneg
Largest US Cities 1790-2010
pecheneg
Rides in Walt Disney World
pecheneg
Most Oscar Losses (Acting)
pecheneg
Beyoncé Albums
pecheneg
Trending Topics
Kpop
Crossword
Harry Potter
Marvel
Anime
NBA
Disney
Puzzle
The Office
Country
WWE
Song
Soccer
Pokémon
NFL
Your Account Isn't Verified!
In order to create a playlist on Sporcle, you need to verify the email address you used during registration. Go to your
Sporcle Settings
to finish the process.
Report this User
Report this user for behavior that violates our
Community Guidelines
.
Details:
Send Report
Go to the Sporcle.com Mobile Site →
Comments